[Event "9th Bangabandhu Blitz Men 2021"]
[Site "Dhaka"]
[Date "2021.04.03"]
[Round "1.1"]
[White "Masum, Hossain"]
[Black "Reefat, Bin-Sattar"]
[Result "0-1"]
[WhiteElo "2061"]
[BlackElo "2401"]
[Annotator "TA"]
[PlyCount "52"]
[EventDate "2021.04.02"]
[EventType "swiss"]
[EventCountry "BAN"]
[SourceTitle "playchess.com"]
[Source "ChessBase"]
[SourceQuality "1"]

{[%evp 10,52,23,0,0,-4,-4,2,5,2,-2,-18,-9,-39,-32,-36,-37,-38,-28,-29,-6,-106,-116,-116,-87,-95,-60,-125,-85,-74,-44,-51,-51,-51,-51,-46,-49,-47,-36,-67,-62,-65,-18,-16,0]} 1. d4 e6 2. c4 b6 3. Nc3 Bb7 4. Nf3 f5 5. Bf4 Nf6 6. e3 Bb4 {A40: Unusual replies to 1 d4.} 7. Bd3 Bxc3+ 8. bxc3 O-O 9. O-O d6 10. Qe2 Nbd7 {[#]} 11. Rad1 $146 ({Predecessor:} 11. Bg5 Qe8 12. Bxf6 Nxf6 13. Nd2 Qg6 14. f3 e5 15. e4 f4 16. Kf2 Nh5 17. Rh1 {0-1 (37) Picasso Gallego,N-De Araujo,A Vitoria 2001}) 11... Ne4 12. Bxe4 fxe4 13. Nd2 Qe8 14. Bg3 Nf6 15. f3 (15. c5 $11) 15... exf3 $17 16. gxf3 Qh5 17. e4 e5 18. d5 (18. c5 $15) 18... Nd7 {[%cal Bf6d7,Bd7c5,Bc5d3][%mdl 32]} 19. Rde1 Nc5 (19... g5 {keeps more tension.} 20. Kh1 Nc5 21. Bf2 h6 22. Bxc5 bxc5 23. Rb1 Bc8) 20. f4 Qxe2 21. Rxe2 exf4 22. Rxf4 Rxf4 23. Bxf4 Rf8 24. Be3 Nd3 25. Bd4 Bc8 26. Re3 Nf4 {[%mdl 32768] Weighted Error Value: White=0.20/Black=0.13. Loss on time!?} 0-1

[Event "9th Bangabandhu Blitz Men 2021"]
[Site "Dhaka"]
[Date "2021.04.03"]
[Round "1.2"]
[White "Rahman, Ziaur"]
[Black "ariful, Amin"]
[Result "1/2-1/2"]
[WhiteElo "2432"]
[BlackElo "1946"]
[Annotator "TA"]
[PlyCount "142"]
[EventDate "2021.04.02"]
[EventType "swiss"]
[EventCountry "BAN"]
[SourceTitle "playchess.com"]
[Source "ChessBase"]
[SourceQuality "1"]

{[%evp 11,142,16,15,0,16,2,18,11,13,0,0,0,0,0,0,0,0,-4,-10,-4,-6,0,0,-39,-25,-28,0,-30,-30,-39,-36,-34,-29,-34,-36,-55,-45,-41,-41,-78,-52,-49,-24,-76,63,59,51,67,128,0,0,0,0,0,0,0,0,-59,0,-14,-22,-60,-87,-194,-190,-210,-37,-37,-33,-27,-25,-12,0,-188,-188,-188,-179,-532,-298,-483,-481,-469,-444,-29997,-29998,-29998,-29999,-29999,-501,-484,-384,-457,-310,-382,-391,-392,-397,-377,-375,-377,-85,-85,-97,-114,-114,-91,-50,-52,-59,-160,-68,-77,-99,-122,-8,-8,0,-31,-38,-59,0,0,0,-59,0,0,0,0,0,0,0,0,0]} 1. Nf3 Nf6 2. g3 d5 3. Bg2 c6 4. O-O Bg4 5. d4 Nbd7 6. c4 e6 7. h3 {D11: Slav Defence: 3 Nf3 sidelines and 3...Nf6 4 e3 Bg4.} Bxf3 8. Bxf3 Bd6 9. Qb3 Qb6 {[#]} 10. c5 $146 ({Predecessor:} 10. Nc3 O-O 11. e4 dxe4 12. Nxe4 Nxe4 13. Bxe4 Qxd4 14. Bg2 Nc5 15. Qc2 Be7 16. Rd1 {1-0 (35) Liu,Y (2306)-Heuser,P (2119) London 2015}) 10... Qxb3 11. axb3 Bc7 12. b4 a6 13. Nc3 O-O 14. Bg2 e5 15. e3 Rfe8 16. Ne2 Rad8 17. b3 Ne4 18. Rd1 Nef6 19. Bb2 e4 20. Rdc1 h6 21. Bc3 Nh7 22. Bd2 f5 23. h4 Ndf6 24. Bh3 Ng4 25. Nf4 Bxf4 26. gxf4 Nhf6 27. b5 (27. Kg2 $1 $11 {keeps the balance.}) 27... cxb5 (27... axb5 $17 28. Ra7 Re7) 28. c6 $1 $14 bxc6 29. Rxc6 Rc8 (29... Ra8 $14) 30. Raxa6 (30. Rcxa6 $16 Rc2 31. R6a2) 30... Rxc6 $11 31. Rxc6 Ra8 32. Rc2 Ra1+ 33. Kg2 Rb1 (33... Kf7 {is more complex.} 34. Bc3 Rb1 35. Rb2 Rd1 36. Bb4 Rc1) 34. b4 (34. Ba5 $11) 34... Nd7 (34... Kf7 $15) 35. Bxg4 fxg4 {[%mdl 4096] Endgame KRB-KRN} 36. Rc7 Nb6 37. Rc2 (37. Rb7 $17 Nc4 38. Bc3) 37... Nc4 $19 38. Bc3 Rd1 $2 (38... h5 $19 39. Ra2 Rb3) 39. h5 $1 $15 Rb1 40. Kg3 Rg1+ 41. Kh2 $1 {[%cal Rh2g1]} Rb1 42. f5 $2 (42. Kg3 $11) 42... Kf7 $19 43. Kg3 Rg1+ 44. Kf4 $2 (44. Kh2 {was the crucial defense.} Rd1 45. Kg3) 44... Kf6 45. Ra2 $2 (45. Re2 {was the only defense.}) 45... g3 46. Ra6+ Kf7 47. fxg3 {[#]} (47. Ra7+ $19 Ke8 48. Ra8+ Ke7 49. Ra7+ Kd6 50. Ra2 (50. Ra6+ $2 Kc7 $19)) 47... Rf1+ 48. Kg4 Nxe3+ {[%mdl 64] Double Attack} 49. Kh3 Nxf5 (49... Rh1# $142) 50. Ra2 Rf3 51. Be1 Re3 52. Bf2 Rb3 53. Kg4 Nd6 54. Be1 Rd3 55. Kf4 {and the idea Ke5 leaves White hopeful.} Rxd4 $2 (55... Rd1 $19 {is more deadly.} 56. Bc3 Nc4 57. Ra7+ Ke6 58. Ra6+ Kd7 59. Ra7+ Kc6 60. Ra6+ Kb7) 56. Ke5 $17 Rd1 57. Kxd6 {aiming for Re2.} Rxe1 58. Kxd5 {KR-KR} e3 59. Ke4 $1 e2 60. Ke3 {[#]} ({Only move:} 60. Kf3 $1 $15) 60... Rb1 (60... Rg1 $1 $17 61. Rxe2 Rxg3+ 62. Kd4 Rg4+ 63. Kc3 Kf6) 61. Kxe2 $15 Rxb4 62. Kf3 Kf6 ({Black should try} 62... Ra4 $17 63. Re2 Ra7) 63. Ra6+ $11 Kf5 64. Ra7 (64. Rg6 {feels hotter.} Rb1 65. Rxg7 b4 66. g4+ Ke5 67. g5) 64... Rb3+ 65. Kg2 Kg5 (65... g6 $15) 66. Rxg7+ Kxh5 67. Kh3 (67. Kf2 $11) 67... Rc3 (67... b4 $15) 68. Rb7 {The position is equal.} Rc5 69. Rg7 {[%csl Gg7,Gh3][%cal Rg3g4]} Rc3 70. Rb7 Rc5 71. Rg7 $1 {[%csl Gg7,Gh3][%cal Rg3g4]} Rc3 {And White is the lucky defender.  Weighted Error Value: White=0.45/Black=0.46} 1/2-1/2

[Event "9th Bangabandhu Blitz Men 2021"]
[Site "Dhaka"]
[Date "2021.04.03"]
[Round "1.3"]
[White "Bappi, A.b."]
[Black "Mollah Abdullah, Al Rakib"]
[Result "1/2-1/2"]
[WhiteElo "1854"]
[BlackElo "2464"]
[Annotator "TA"]
[PlyCount "19"]
[EventDate "2021.04.02"]
[EventType "swiss"]
[EventCountry "BAN"]
[SourceTitle "playchess.com"]
[Source "ChessBase"]
[SourceQuality "1"]

{[%evp 13,19,-13,-13,-15,0,-3,0,-2]} 1. c4 Nc6 2. Nc3 e5 3. e4 Bc5 4. Nf3 d6 5. Be2 Nf6 6. O-O O-O 7. d3 h6 {The position is equal.} 8. a3 {A28: English Opening: Four Knights Variation.} a6 9. b4 Ba7 {[#]} 10. Nd5 $146 {A rather calm draw. Not enough moves} ({Predecessor:} 10. Ne1 Be6 11. Nc2 b5 12. cxb5 axb5 13. Nxb5 Bb3 14. Qd2 Bxc2 15. Qxc2 Bd4 16. Bb2 Bxb2 17. Qxb2 {1-0 (28) Buschbeck,F (1639)-Yigit,F (1104) Schney 2019}) 1/2-1/2

[Event "9th Bangabandhu Blitz Men 2021"]
[Site "Dhaka"]
[Date "2021.04.03"]
[Round "1.4"]
[White "Hossain, Enamul"]
[Black "Mohammed, Kutubuddin"]
[Result "1-0"]
[WhiteElo "2404"]
[BlackElo "2057"]
[Annotator "TA"]
[PlyCount "41"]
[EventDate "2021.04.02"]
[EventType "swiss"]
[EventCountry "BAN"]
[SourceTitle "playchess.com"]
[Source "ChessBase"]
[SourceQuality "1"]

{[%evp 14,41,155,79,139,137,183,159,178,0,97,96,93,91,102,35,100,79,83,43,89,82,92,75,91,-12,107,-25,89,83]} 1. e4 d6 2. d4 Nf6 3. Nc3 g6 4. Be3 Bg7 5. Qd2 c6 6. Bh6 O-O 7. h4 b5 8. f3 (8. Bxg7 $142 $1 Kxg7 9. h5) 8... Qa5 {B07: Pirc Defence: Miscellaneous Systems.} (8... Bxh6 $142 9. Qxh6 e5) 9. h5 {[#] And now hxg6 would win.} Nbd7 $146 ({Predecessor:} 9... b4 10. Nce2 Nxh5 11. Bxg7 Kxg7 12. g4 Nf6 13. Qh6+ Kg8 14. g5 Nh5 15. Nf4 f6 16. Nxh5 gxh5 17. Rxh5 {1-0 (17) Romero Castejon,D-Navarro Gutierrez,A (1976) Barcelona 2015}) 10. hxg6 fxg6 {White is clearly better.} 11. Nge2 $2 (11. Bxg7 $18 Kxg7 12. a3) 11... b4 (11... Bxh6 $11 {remains equal.} 12. Qxh6 e5) 12. Nd1 $16 Ba6 13. Bxg7 Kxg7 14. Qh6+ (14. Nf4 $16) 14... Kg8 {[#]} (14... Kf7 $14) 15. Nf4 $1 {[%cal Rf4g6] Threatens to win with Nxg6!} b3+ 16. Nc3 {Bxa6 is the strong threat.} bxc2 17. Bxa6 Qxa6 18. Nxg6 Rf7 {[#]} 19. Nf4 ({White should play} 19. Rc1 $1 $16) 19... Nf8 (19... e5 $11 {keeps the balance.} 20. dxe5 dxe5) 20. Rh3 (20. Rc1 $16) 20... Rg7 (20... Rb8 $1 $11) 21. Rc1 {Weighted Error Value: White=0.52/Black=0.62} 1-0

[Event "9th Bangabandhu Blitz Men 2021"]
[Site "Dhaka"]
[Date "2021.04.03"]
[Round "1.5"]
[White "Abdul, Momin"]
[Black "Mohammad Minhaz Uddin"]
[Result "0-1"]
[WhiteElo "1944"]
[BlackElo "2281"]
[Annotator "TA"]
[PlyCount "40"]
[EventDate "2021.04.02"]
[EventType "swiss"]
[EventCountry "BAN"]
[SourceTitle "playchess.com"]
[Source "ChessBase"]
[SourceQuality "1"]

{[%evp 14,40,39,40,45,25,32,10,16,7,49,27,57,30,39,0,12,16,20,15,107,-205,-202,-197,-218,-189,-205,-283,-290]} 1. e4 e5 2. Nf3 Nf6 3. Nxe5 d6 4. Nf3 Nxe4 5. d4 d5 6. Bd3 Nc6 7. O-O Bg4 8. c4 {aiming for cxd5.} Nf6 {C42: Petroff Defence: 3 Nxe5 and unusual White 3rd moves.} 9. Be3 Be7 10. Nc3 O-O {The position is equal.} 11. h3 Bh5 (11... Bxf3 $5 12. Qxf3 Nb4 $14) 12. c5 Re8 13. a3 Bf8 {[#]} 14. b4 $146 ({Predecessor:} 14. Rc1 Ne7 15. g4 Bg6 16. Ne5 Bxd3 17. Qxd3 Nd7 18. f4 f6 19. Nf3 f5 20. gxf5 {½-½ (64) Khachiyan,M (2522)-Chu,R (2267) chess.com INT 2018}) 14... Ne4 15. Rc1 $36 {[%mdl 2048] Black is under pressure.} a6 16. Be2 f5 {[#]} (16... Be7 $11 {keeps the balance.}) 17. Qb3 $2 {[%mdl 8192] [#] Loses the game.} (17. Nxd5 $1 $16 {[%mdl 512] is forced if you want to stay better. Hoping for Nf4.} Bf7 18. Nc3) 17... Nxc3 $1 $19 18. Qxc3 f4 $1 19. g4 Bg6 ({And not} 19... fxe3 20. gxh5 exf2+ 21. Rxf2 $11) 20. Bxf4 Rxe2 {Weighted Error Value: White=0.50/Black=0.17} 0-1

[Event "9th Bangabandhu Blitz Men 2021"]
[Site "Dhaka"]
[Date "2021.04.03"]
[Round "1.7"]
[White "Hasan, Mostafa Razibul"]
[Black "Mohammad Fahad, Rahman"]
[Result "0-1"]
[WhiteElo "1862"]
[BlackElo "2321"]
[Annotator "TA"]
[PlyCount "74"]
[EventDate "2021.04.02"]
[EventType "swiss"]
[EventCountry "BAN"]
[SourceTitle "playchess.com"]
[Source "ChessBase"]
[SourceQuality "1"]

{[%evp 16,74,7,6,41,50,43,32,48,51,67,58,85,52,53,37,64,0,6,0,0,-12,-8,-95,-97,-84,-77,-77,-77,-114,-109,-150,-95,-146,-147,-131,-77,-76,285,312,318,322,344,17,411,-346,-332,-443,-407,-442,-461,-988,-989,-6007,-5983,-5800,-5774,-29980,-29979,-29983,-29979]} 1. d4 d5 2. c4 c6 3. Nf3 Nf6 4. Nc3 e6 5. Bg5 Nbd7 6. e3 Qa5 7. cxd5 Nxd5 8. Qb3 Bb4 9. Rc1 Nxc3 {D52: Queen's Gambit Declined: Cambridge Springs Variation.} 10. bxc3 Ba3 11. Rd1 O-O {White is slightly better.} 12. Bd3 e5 13. O-O {[#]} exd4 $146 ({Predecessor:} 13... Bd6 14. Bh4 Qc7 15. Bg3 exd4 16. exd4 Bxg3 17. fxg3 Nf6 18. Ng5 Qa5 19. h4 Bg4 {1-0 (53) Levenstein,R-Schwartz,E New York 1933}) 14. cxd4 Nb6 {[%cal Bd7b6,Bb6a4,Ba4b2][%mdl 32]} 15. e4 Bg4 16. e5 (16. Bd2 $14 Qa4 17. Rb1) 16... h6 $11 {Threatens to win with ...Bxf3.} 17. Bd2 Qa4 18. Qxa4 Nxa4 19. Bc4 (19. Rb1 $11 {keeps the balance.}) 19... Nb2 $17 20. Rc1 Nxc4 21. Rxc4 Rfd8 22. Be3 Bf5 23. Re1 Rd5 (23... a5 $142 24. Rd1 Bb4) 24. Nd2 {[#]} ({White should try} 24. h3) 24... a5 $1 25. h3 Rad8 ({Better is} 25... Bb4 26. Rd1 Rad8) 26. g4 Bd3 {[%mdl 8192]} (26... Be6 $17 {and life is bright. aiming for ...c5!} 27. Rc2 c5 28. dxc5 Bb4) 27. Rc3 $18 {[%csl LRa3,LRd3][%mdl 64] Double Attack} Bb4 28. Rxd3 c5 29. Nf3 $2 (29. Rc1 $18) 29... cxd4 $2 {[%mdl 8192] [#]} (29... Bxe1 $11 {and Black stays safe.} 30. Nxe1 cxd4) 30. Rxd4 $4 {[%mdl 8192]} (30. Red1 $1 $18) 30... Rxd4 $19 31. Nxd4 {Rc1 is the strong threat.} Bxe1 $11 {[%mdl 4096] Endgame KRB-KBN} 32. Kf1 Bc3 33. Ke2 (33. Nb3 $142) 33... Bxd4 $19 34. Bxd4 Rxd4 35. Ke3 Ra4 36. f4 Rxa2 37. Kd4 Rc2 {Weighted Error Value: White=1.27/Black=0.61} 0-1

[Event "9th Bangabandhu Blitz Men 2021"]
[Site "Dhaka"]
[Date "2021.04.03"]
[Round "1.8"]
[White "Islam, Khandaker Aminul"]
[Black "Tutul, Dhar"]
[Result "1-0"]
[WhiteElo "2210"]
[BlackElo "1826"]
[Annotator "TA"]
[PlyCount "109"]
[EventDate "2021.04.02"]
[EventType "swiss"]
[EventCountry "BAN"]
[SourceTitle "playchess.com"]
[Source "ChessBase"]
[SourceQuality "1"]

{[%evp 16,109,10,12,12,18,8,12,48,31,40,37,56,37,71,3,59,13,22,0,6,2,0,0,0,0,0,-51,16,16,16,14,33,15,39,37,61,59,68,64,68,47,50,-80,142,140,139,83,97,87,78,51,132,89,79,66,126,127,120,95,69,36,36,42,159,152,145,137,143,144,250,254,416,181,198,188,178,179,188,188,185,186,712,717,860,808,1350,1091,29985,29986,29991,29992,29992,29993,29994,29995]} 1. Nf3 d5 2. c4 e6 3. g3 Nf6 4. Bg2 Be7 5. O-O O-O 6. b3 b6 7. Bb2 Bb7 8. e3 Nbd7 9. Nc3 {9.Qe2 is vanishing.} dxc4 {A14: English Opening: 1...e6 with b3 by White.} 10. bxc4 c5 11. Qe2 {[#]} Bc6 $146 {The position is equal.} ({Predecessor:} 11... Ne4 12. Nb5 Bf6 13. d4 a6 14. Na3 Qc7 15. Rac1 h6 16. Rfd1 Rad8 17. Ne1 Rfe8 18. Nd3 {½-½ (83) Martinez Alcantara,J (2620)-Shimanov,A (2593) chess.com INT 2020}) 12. a4 a6 13. Rfb1 Qc7 14. d3 Rfd8 15. Ba3 (15. e4 $16) 15... Bf8 (15... Ne8 $11) 16. Ra2 h6 17. Rab2 Rab8 18. Ne1 Bxg2 19. Kxg2 Ne5 {[%cal Bd7e5,Be5c6,Bc6b4][%mdl 32]} 20. f4 Nc6 21. Nc2 (21. Nf3 $11) 21... a5 ({Black should try} 21... g5 $15) 22. Nb5 $11 Qb7 {[#] ...Nd4+ is the strong threat.} 23. Kg1 Nb4 24. Ne1 Qc6 25. Rd2 Rd7 26. Bb2 Be7 27. Rbd1 Rbd8 28. Bc3 Qb7 29. Nf3 {[#]} (29. e4 $14 {stays ahead.}) 29... Qb8 $2 (29... Nxd3 $1 $17 {and life is bright. Strongly threatening ...Qe4.} 30. Bxf6 (30. Be5 Nxe5) 30... Bxf6) 30. Ne5 $16 Rb7 31. Qf3 (31. Bxb4 $142 axb4 32. Nc6 {[%mdl 64] Double Attack}) 31... Qc8 32. d4 cxd4 33. exd4 Rb8 (33... Nd7 $14) 34. Kg2 Qb7 35. Bxb4 Qxf3+ (35... Bxb4 $14 36. Qxb7 Rxb7) 36. Kxf3 Bxb4 37. Rd3 Rbc8 38. Na7 Rc7 39. Nac6 $36 {[%mdl 2048] White has the initiative.} Rd6 {White stays focused until the end.} ({Better is} 39... Rdc8 $14) 40. Nxb4 axb4 41. Rb1 Nd7 {intending ...Nxe5+.} 42. Rxb4 Nxe5+ (42... g5 $16 43. Ke4 Kg7) 43. fxe5 {[%mdl 4096] Endgame KRR-KRR} Rdc6 (43... Rdd7 {was worth a try.} 44. Ke4 Kf8) 44. Rc3 (44. d5 $142 exd5 45. cxd5) 44... Kf8 45. Ke4 Ke7 46. Kd3 f6 47. exf6+ gxf6 48. Rcb3 Rb7 $2 (48... Rc8 49. g4 (49. Rxb6 Rxc4 50. Ra6 R8c6 $18) 49... Kd7 50. Rxb6 Rxc4) 49. a5 $18 Rd7 50. axb6 e5 51. d5 Rc5 52. b7 {White mates.} f5 53. b8=Q e4+ 54. Kd4 Rxc4+ 55. Rxc4 {Weighted Error Value: White=0.25/Black=0.50} 1-0

[Event "9th Bangabandhu Blitz Men 2021"]
[Site "Dhaka"]
[Date "2021.04.03"]
[Round "2.1"]
[White "Reefat, Bin-Sattar"]
[Black "Mohammed Abdul, Malek"]
[Result "1-0"]
[WhiteElo "2401"]
[BlackElo "2125"]
[Annotator "TA"]
[PlyCount "103"]
[EventDate "2021.04.02"]
[EventType "swiss"]
[EventCountry "BAN"]
[SourceTitle "playchess.com"]
[Source "ChessBase"]
[SourceQuality "1"]

{[%evp 10,103,64,53,67,66,76,68,71,41,75,88,135,81,79,45,108,82,82,68,81,38,98,82,132,99,104,98,100,12,94,42,144,79,86,87,87,88,98,70,78,73,81,44,70,70,74,35,35,32,52,-70,47,-4,-7,-16,-10,-166,-169,-246,-236,-248,-250,-547,-608,-590,-583,-540,-245,-214,-198,-193,45,18,20,20,37,8,61,59,241,240,240,214,266,253,418,418,543,529,612,604,633,624,29996,29997]} 1. e4 d5 2. exd5 Qxd5 3. Nc3 Qd6 4. d4 Nf6 5. Nf3 a6 6. g3 e6 {B01: Scandinavian Defence.} 7. Bg2 Be7 8. O-O O-O {White is slightly better.} 9. Qe2 Nc6 10. Rd1 {[#]} Nb4 $146 ({Predecessor:} 10... Qd8 11. a3 Rb8 12. Ne4 b6 13. Ne5 Na7 14. Nxf6+ Bxf6 15. Bf4 Qe7 16. h4 Bxe5 17. dxe5 {1-0 (27) Escandell Mari,J (2275)-Grau Beltran,E (1843) Cornella de Llobregat 2013}) 11. Bf4 (11. Ne5 $142) 11... Qd8 $16 12. Be5 c6 (12... Nfd5 $14) 13. Na4 b5 14. Nc5 Nbd5 15. a4 b4 ({Black should try} 15... Nd7 $14) 16. a5 Ra7 17. Nd2 Nd7 18. Nd3 Nxe5 19. Nxe5 (19. Qxe5 $16 Qc7 20. Qxc7 Rxc7 21. Nb3) 19... Qc7 (19... Rc7 $1 $11 {remains equal.}) 20. Qc4 (20. Nb3 $16) 20... Re8 (20... c5 $1 $14) 21. Qxc6 ({White should play} 21. Nxc6 Ra8 22. Nxe7+ (22. Bxd5 exd5 23. Qxd5 Bb7 $16) 22... Rxe7 23. Qb3 (23. Bxd5 exd5 24. Qxd5 Bb7 $16)) 21... Bd7 22. Qxd7 Qxd7 23. Nxd7 Rxd7 24. Rac1 Rc8 25. Bf1 Rc6 26. Bc4 Rdc7 27. Bb3 Kf8 28. Re1 Bf6 29. Re4 g6 30. Rce1 (30. Nf3 $14) 30... Kg7 (30... Rxc2 $15 31. Bxc2 Rxc2 {[%mdl 64] Double Attack}) 31. h4 (31. Nf3 $14) 31... Rxc2 $11 32. Bxc2 Rxc2 {[%mdl 64] Double Attack} 33. Nb3 (33. R4e2 $11 {and White is okay.}) 33... Rxb2 $19 34. Nc5 {[#]} (34. Nc1 $142) 34... Ra2 $1 35. R4e2 Rxa5 36. Rd1 $2 (36. Rd2) 36... Nc3 $1 {[%csl LRd1,LRe2][%mdl 64] Double Attack} 37. Red2 Nxd1 38. Rxd1 Bxd4 {[%mdl 4096] Endgame KRB-KRN} 39. Nb3 {[#]} Rd5 {Threatens to win with ...Bxf2+!} 40. Rxd4 {KRN-KR} Rb5 (40... Rxd4 $19 41. Nxd4 a5) 41. Rd6 a5 {With the idea ...a4.} 42. Ra6 Rd5 43. Rxa5 Rd3 (43... Rxa5 $11 44. Nxa5 Kf6) 44. Nc5 $14 Rc3 (44... Rd5 $14) 45. Rb5 $18 Rc4 46. Nb3 h5 47. Kg2 f5 $2 (47... Rc2 48. Rb7 e5 49. Rxb4 Rb2) 48. Nd2 Rd4 49. Nf3 Re4 50. Ng5 Rc4 51. Rb7+ Kf6 52. f4 {[%cal Rg5h7] White used his chance.  Weighted Error Value: White=0.39/Black=0.70} 1-0

[Event "9th Bangabandhu Blitz Men 2021"]
[Site "Dhaka"]
[Date "2021.04.03"]
[Round "2.2"]
[White "Jabed Al Azad"]
[Black "Hossain, Enamul"]
[Result "0-1"]
[WhiteElo "1983"]
[BlackElo "2404"]
[Annotator "TA"]
[PlyCount "54"]
[EventDate "2021.04.02"]
[EventType "swiss"]
[EventCountry "BAN"]
[SourceTitle "playchess.com"]
[Source "ChessBase"]
[SourceQuality "1"]

{[%evp 17,54,0,0,-7,-3,-6,1,-37,-32,-20,-31,-43,-36,-40,-31,-43,-31,-59,-39,-33,-25,-24,-9,-21,-25,-57,-79,-52,22,-57,-82,-172,-52,-510,-487,-483,-353,-29998,-29999]} 1. e4 c5 2. Nf3 e6 3. d4 cxd4 4. Nxd4 Nc6 5. Nc3 Qc7 6. Be3 a6 7. Be2 Nf6 8. O-O Be7 9. Nxc6 bxc6 10. f4 {B49: Sicilian: Taimanov: 5 Nc3 Qc7 6 Be3 a6 7 Be2.} d5 11. Bf3 {[#]} Bb7 $146 ({Predecessor:} 11... Rb8 12. Bd4 O-O 13. Kh1 Nd7 14. Qe2 c5 15. Bf2 d4 16. Na4 e5 17. fxe5 Nxe5 {0-1 (37) Ingvason,J (2135)-Gulamali,K (2350) Reykjavik 2015}) 12. a4 {The position is equal.} Rd8 {...dxe4 is the strong threat.} 13. e5 Nd7 14. Qe1 c5 {And now ...d4 would win.} 15. Bd2 O-O 16. Kh1 Rb8 17. a5 Bc6 18. b3 Rfe8 19. Qg3 f6 20. Bh5 (20. Bg4 {looks sharper.} f5 21. Be2 c4 22. bxc4 d4 23. Na4) 20... Rf8 21. Rfe1 fxe5 22. fxe5 {[#]} Kh8 (22... Nxe5 $1 $15 23. Bf4 (23. Rxe5 $2 Bd6 $19 {[%mdl 64] Skewer}) (23. Bg4 Bd7) 23... Rxf4 $1 24. Qxf4 Bd6) 23. Bg4 ({White should play} 23. Ne2 $11) 23... d4 $15 24. Na4 {[#]} (24. Ne4 $17 {was necessary.}) 24... Bd5 ({Better is} 24... Nxe5 $1 $19 {[%mdl 512] Hoping for ...Bd6.} 25. Bf4 {[#]} (25. Rxe5 $2 Bd6 $19 {[%mdl 64] Skewer}) 25... Rxf4 $1 {[%mdl 512]} 26. Qxf4 Rf8 $1) 25. Qh3 $2 {[%mdl 8192]} (25. Nb2 $15) 25... Rf2 $19 {[%mdl 64] Double Attack} 26. Re2 Rbf8 {( -> ...Rf1+)} 27. Rae1 (27. Kg1 $19 Bxg2 28. Qg3 Rxe2 29. Bxe2) 27... Rf1+ {[%mdl 64] Back Rank.  Weighted Error Value: White=0.83/Black=0.27} 0-1

[Event "9th Bangabandhu Blitz Men 2021"]
[Site "Dhaka"]
[Date "2021.04.03"]
[Round "2.3"]
[White "Mohammad Minhaz Uddin"]
[Black "Anata, Choudhury"]
[Result "0-1"]
[WhiteElo "2281"]
[BlackElo "2184"]
[Annotator "TA"]
[PlyCount "90"]
[EventDate "2021.04.02"]
[EventType "swiss"]
[EventCountry "BAN"]
[SourceTitle "playchess.com"]
[Source "ChessBase"]
[SourceQuality "1"]

{[%evp 15,90,8,24,0,0,-2,0,0,0,2,9,12,14,7,32,12,12,0,0,6,0,2,20,0,4,-2,-10,-26,-22,-10,41,-62,-83,-170,33,-186,-126,-136,-158,-143,-31,-58,-14,-33,0,-102,-102,-100,-93,-150,-150,-158,-158,-158,-158,-265,-255,-290,-285,-261,-201,-312,-203,-513,-129,-255,-267,-233,-244,-251,-244,-377,-376,-537,-528,-478,-445]} 1. e4 c5 2. Nf3 d6 3. d4 cxd4 4. Nxd4 Nf6 5. Nc3 a6 6. g3 e5 7. Nde2 Be7 8. Bg2 b5 {[%cal Bb7b5,Bb5b4][%mdl 32]} 9. a4 {B91: Sicilian Najdorf: 6 g3.} b4 10. Nd5 Nxd5 11. Qxd5 {The position is equal.} Ra7 12. Be3 {[#]} Rb7 $146 ({Predecessor:} 12... Be6 13. Qd3 Rb7 14. O-O Qc8 15. b3 Rc7 16. Rfc1 Nd7 17. c4 bxc3 18. Nxc3 Nc5 {½-½ (37) Kovalev,V (2639)-Zhigalko,A (2578) Minsk 2018}) 13. O-O Qc7 14. Qd2 O-O 15. Rfc1 Be6 16. c4 Nd7 17. b3 a5 18. Rd1 Rbb8 19. Qc2 Nc5 20. Rd2 f5 21. Bxc5 Qxc5 22. Rf1 f4 (22... Kh8 $11) 23. Qd3 ({White must play} 23. gxf4 $14 g6 24. Qd3) 23... fxg3 $15 24. hxg3 (24. Qxg3 $17 Rf6 25. Kh1) 24... Bg5 $2 ({Black should play} 24... Rf6 $19 25. Qc2 Bd8) 25. Rc2 $2 (25. Qxd6 $14 Qc8 26. Rd5 $1 Bxd5 27. Qxd5+ Kh8 28. Qxe5) 25... Rbd8 (25... Rb7 $19 26. Nc1 Rbf7) 26. Nc1 $17 Rf6 27. Qe2 Bxc1 (27... Rdf8 $17 {Strongly threatening ...Rxf2!} 28. Nd3 Qa7) 28. Rcxc1 $15 Rdf8 (28... Rg6 $5 {[%cal Rg6g3]} 29. Qd3 Rf8 $11) 29. Rc2 Rh6 30. Qe3 (30. Rd1 $11) 30... Qxe3 $17 {Black converts the advantage convincingly.} 31. fxe3 Rxf1+ 32. Kxf1 {[%mdl 4096] Endgame [#] KRB-KRB} (32. Bxf1 $142 Kf7 33. Be2) 32... Rf6+ $1 33. Kg1 Kf7 34. Rd2 Ke7 35. Rc2 (35. Rd3 $17) 35... h5 $19 36. Rd2 g5 37. Kh2 Rf7 38. Kg1 (38. Re2 {might work better.}) 38... Rf8 39. Rf2 $2 (39. Kh2 {is a better chance.}) 39... Rh8 $2 (39... Bxc4 $19 {is more deadly.} 40. Rxf8 (40. bxc4 $2 Rxf2 41. Kxf2 b3 $19) 40... Kxf8 41. bxc4 b3) 40. Rf1 (40. Bf3 $17) 40... h4 41. gxh4 gxh4 ({Not} 41... Rxh4 42. Kf2 $15) 42. Kh2 Rg8 43. Rf3 (43. Bh3 $142) 43... Bg4 44. Rf2 (44. Rf1 $142 Be2 45. Rc1) 44... Bd1 45. Rb2 Rg3 {Weighted Error Value: White=0.51/Black=0.37} 0-1